000 00404nam a2200193Ia 4500
008 240510s9999 xx 000 0 und d
020 _a0009558033367
041 _asih
082 _a792
082 _bA45
100 _aARLOKABANDARA,S.
245 0 _aSumana Mathaka
260 _bDehiwala,Vidarshana
260 _c2001
300 _a187 p.
650 _adrama
942 _2ddc
942 _cLBK
999 _c28702
_d28702
945 _a1
_bMadushi Gamage
_c1
_dMadushi Gamage